| 000 | 00642nam a2200217 a 4500 | ||
|---|---|---|---|
| 999 |
_c3210 _d3210 |
||
| 001 | 3210 | ||
| 003 | BD-JhCC | ||
| 005 | 20171111193341.0 | ||
| 008 | 171111s1985 bg |||| ||a| 000 0 ben d | ||
| 035 | _a(BD-JhCC)3210 | ||
| 040 |
_aBD-JhCC _dBD-JhCC |
||
| 041 | _aben | ||
| 082 |
_a339 _bABA 1985 |
||
| 100 | _aআব্বাস, বি, এম, | ||
| 245 |
_aবাংলাদেশের পানি সম্পদ / _cবি, এম, আব্বাস, |
||
| 260 |
_aঢাকা : _bবাংলা একাডেমী, _c1985 |
||
| 300 |
_a102 p. : _c18 cm. |
||
| 650 | _aWater resource | ||
| 942 |
_2ddc _cBK |
||